000 00394nam a2200145Ia 4500
008 190430s9999 xx 000 0 und d
100 _aBaraoidan, Kimmy
245 _aHigh school team from Rizal tops satellite development contest/
245 _cKimmy Baraoidan
260 _bManila Bulletin
260 _c2016
300 _aNovember 18
440 _aManila Bulletin
650 _aEducation
999 _c361768
_d361768